00775nam a22002297a 450000500170000001000130001702000110003003500130004103700160005404000120007008200170008210000320009924500750013126000350020627000420024130000240028365000220030765000380032994200260036799900190039395201330041220170124105930.0 aA-794406 c150.00 aA-794406 bCen Lib/Ret aDPLbEN a330.554bMUK aMukerjee, Radhakamal 91455 aThe economic history of india :b(1600-1800) /cby Radhakamal Mukerjee aAllahabad bKitab Mahal c00?? a84, kp kakar amrgbAllahabad e211003 axxii, 183c19cm(Hb) aEconomics 969616 aHistorical aspects zindia 97962 2ddccENh330.954mMUK c123766d123766 001040718REFaLbLd2015-06-12eCen Lib/Retg150.00l0o330.554 MUKpA-794406r2015-06-12 00:00:00t1v150.00w2015-06-12yEN